| 000 | 01328naa a2200205 i 4500 | ||
|---|---|---|---|
| 001 | 8811 | ||
| 003 | KOSZ 005 | ||
| 005 | 20180307104804.0 | ||
| 008 | 141114s2001 pl | | |100 ||pol | ||
| 040 |
_cKOSZ 005 _dKOSZ 005/EG |
||
| 100 | 1 |
_aCHUDY, Jerzy. _d1996 - . _bPolitechnika Koszalińska - Wydział Mechaniczny, _cKatedra Inżynierii Mechanicznej |
|
| 245 | 1 | 0 |
_aPorównanie efektywności obróbki wysokociśnieniową strugą hydrościerną a strugą hydrościerną o obniżonym ciśnieniu / _cJerzy Chudy, Andrzej Perec. |
| 500 | _aDane z autopsji. | ||
| 520 | _aW pracy przedstawiono badania nad wielokryterialną optymalizacją procesu cięcia wysokociśnieniową strugą hydrościerną. Celem ich zaprezentowania jest ukazanie potencjalnych możliwości intensyfikacji procesu przy posiadanej aparaturze jak i możliwych osiągnięć w warunkach rozwojowych. | ||
| 650 | 0 | _aObróbka wodno-ścierna. | |
| 655 | 0 | _aMateriały konferencyjne. | |
| 700 | 1 |
_aPEREC, Andrzej. _bPolitechnika Koszalińska - Wydział Mechaniczny, _cKatedra Inżynierii Mechanicznej _d1996 - . |
|
| 773 | 0 |
_iW : _tKształtowanie materiałów niemetalowych : zbiór prac VI Konferencji Naukowo-Technicznej, Zakopane, 2001 / pod red. Kazimierza E. Oczosia. - _dRzeszów : Oficyna Wydaw. PRz, 2001. - _gs. 167-174 |
|
| 942 |
_cROZ _2UKD |
||
| 999 |
_c8811 _d8811 |
||